000
00253nam a2200097Ia 4500
001
657838
005
20250826154623.0
008
250824s9999 xx 000 0 und d
245
0
_a
RUBY ROGERS KİME BAKIYORSUN ÖYLE?
_c
SUE LİMB
260
_b
ALTIN KİTAPLAR
999
_c
657838
_d
657838